000 01112nmm a2200325 a 4500
001 ocm0002015349
003 TR-IsHL
005 20201028175305.0
008 181019s2016 tu tur
007 cr cn
020 _a9754081778
035 _a2015349
_b(N$T)
050 0 4 _aPL248.B874
_bE44 2016
090 0 4 _aPL248.B874
_bE44 2016
100 1 _aBurhan, Sabahattin
245 1 0 _aEge'nin kurtuluş destanı: Yörük Ali Efe: Birinci kitap
_h[electronic resource] /
_cSabahattin Burhan ; Genel Yayın Yönetmeni Ahmet Nuri Yüksel
250 _a1. Basım
260 _aİstanbul :
_bBilge Kültür Sanat Yayınları,
_c2016
300 _a481 p.
500 _a3 c.
650 4 _aDil ve Edebiyat
650 4 _aLanguage and Literature
650 0 _aTurkish fiction.
650 0 _aTürk romanı
650 0 _aGreco-Turkish War, 1921-1922.
650 0 _aYunan-Türk Savaşı, 1921-1922.
650 7 _aLITERARY COLLECTIONS / Middle Eastern
_2bisacsh
700 1 _aYüksel, Ahmet Nuri
856 4 0 _uhttp://search.ebscohost.com/login.aspx?direct=true&scope=site&db=e011xww&AN=2015349
999 _c18598
_d18598